[Event "SV Günnigfeld 1 - SK Sodingen/Castrop 3"]
[Site "Verbandsklasse, Gruppe 2 2017"]
[Date "2017.09.17"]
[Round "1.4"]
[White "Funke, Eckhard"]
[Black "Scheibe, Werner"]
[Result "1/2-1/2"]
[WhiteElo "1763"]
[BlackElo "1828"]
[Annotator "Daniel"]
[PlyCount "107"]
[EventDate "2017.??.??"]

1. d4 Nf6 2. Nf3 g6 3. c4 Bg7 4. Nc3 d5 5. cxd5 Nxd5 6. e3 O-O 7. Be2 c5 8. O-O
Nc6 9. Qb3 Nxc3 10. bxc3 cxd4 11. cxd4 e5 12. Nxe5 Nxe5 13. dxe5 Bxe5 14. Bb2
Be6 15. Qa3 Bxb2 16. Qxb2 b6 17. Bf3 $11 Rc8 18. Rac1 Qe7 19. a3 Bc4 20. Rfd1
Rc5 21. Rd4 Be6 22. Rcd1 Qf6 23. h3 Bxh3 24. Qe2 Be6 25. g3 Kg7 26. Kg2 Rfc8
27. Bg4 Rc2 28. R1d2 Rxd2 29. Qxd2 Bxg4 30. Rxg4 Qc6+ 31. e4 Qc3 32. Qd7 Rc7
33. Qd6 Qc5 34. Qd3 b5 35. Rf4 a5 36. Rf3 b4 37. axb4 axb4 38. Qb3 Qd4 39. Qd3
Qe5 40. Qb1 Qd4 41. Rb3 Rc4 42. e5 Qd5+ 43. Kh2 Qc5 44. Rf3 Qxe5 45. Qb3 Qh5+
46. Kg2 Qd5 47. Kh2 Qd4 48. Rf4 Qxf4 49. gxf4 Rxf4 50. Kg3 g5 51. Qd5 f6 52.
Qd7+ Kg6 53. Qd3+ Kg7 54. Qd7+ 1/2-1/2

[Event "SV Günnigfeld 1 - SK Sodingen/Castrop 3"]
[Site "Verbandsklasse, Gruppe 2 2017"]
[Date "2017.09.17"]
[Round "1.5"]
[White "Tenschert, Hartmut"]
[Black "Bender, Markus"]
[Result "0-1"]
[WhiteElo "1743"]
[BlackElo "1808"]
[PlyCount "64"]
[EventDate "2017.??.??"]

1. d4 e6 2. Bf4 f5 3. e3 Nf6 4. Nf3 b6 5. Be2 Bb7 6. Nbd2 Be7 7. c3 O-O 8. h3
c5 9. Qc2 Nc6 10. O-O Qe8 11. Nc4 Ne4 12. Rad1 cxd4 13. exd4 b5 14. Ne3 a6 15.
d5 exd5 16. Nxd5 Qf7 17. Nb6 Rad8 18. Bc7 d5 19. Bxd8 Rxd8 20. a4 Bc5 21. axb5
axb5 22. Nxd5 Rxd5 23. Bxb5 Rxd1 24. Qxd1 h6 25. Nd4 Nxd4 26. cxd4 Bd6 27. Qa4
Kh7 28. Be8 Qc7 29. b4 Qe7 30. Rb1 Nc3 31. Qc2 Nxb1 32. Qxf5+ Kh8 0-1

[Event "SV Günnigfeld 1 - SK Sodingen/Castrop 3"]
[Site "Verbandsklasse, Gruppe 2 2017"]
[Date "2017.09.17"]
[Round "1.6"]
[White "Brinkmann, Uwe"]
[Black "Mueller-Kreth, Kai"]
[Result "1/2-1/2"]
[WhiteElo "1932"]
[BlackElo "1817"]
[PlyCount "86"]
[EventDate "2017.??.??"]

1. d4 Nf6 2. Nf3 d5 3. g3 Bf5 4. Bg2 e6 5. O-O h6 6. Nbd2 Bd6 7. c4 c6 8. b3
Nbd7 9. Bb2 O-O 10. Re1 Re8 11. a3 a5 12. e3 e5 13. cxd5 cxd5 14. dxe5 Nxe5 15.
Nxe5 Bxe5 16. Bxe5 Rxe5 17. Nf3 Re7 18. Nd4 Bg6 19. Bh3 Rc7 20. Rc1 Ne4 21.
Rxc7 Qxc7 22. Qc1 Qe7 23. Bg2 Qd7 24. Qb2 Rc8 25. Rc1 Kh7 26. Ne2 Bf5 27. Nf4
Rxc1+ 28. Qxc1 g5 29. Ne2 Qc6 30. Qb2 Bg6 31. h3 b6 32. Bf1 Qc5 33. b4 axb4 34.
axb4 Qd6 35. Bg2 f6 36. Bf3 Kg7 37. Kg2 h5 38. Nd4 Kf7 39. Qa2 Qd7 40. g4 h4
41. Qa8 Nc3 42. Qb8 b5 43. Qb6 Bd3 1/2-1/2

[Event "SV Günnigfeld 1 - SK Sodingen/Castrop 3"]
[Site "Verbandsklasse, Gruppe 2 2017"]
[Date "2017.09.17"]
[Round "1.7"]
[White "Behnicke, Eckhard"]
[Black "Brandhoff, Gerd"]
[Result "1-0"]
[WhiteElo "1703"]
[BlackElo "1804"]
[PlyCount "75"]
[EventDate "2017.??.??"]

1. b4 d5 2. Bb2 e6 3. Nf3 Nf6 4. a3 a5 5. b5 c6 6. e3 Bd7 7. bxc6 Nxc6 8. c4
dxc4 9. Bxc4 Be7 10. Nc3 O-O 11. O-O Bc5 12. d4 Ba7 13. d5 exd5 14. Nxd5 Nxd5
15. Bxd5 Bg4 16. h3 Bh5 17. Qb3 Bxf3 18. Bxf3 Qb6 19. Qc3 f6 20. Rab1 Qc7 21.
Qb3+ Kh8 22. Rfc1 a4 23. Qc4 Rfc8 24. Qb5 Qd7 25. Bg4 Qe7 26. Bxc8 Rxc8 27.
Qxa4 Bb8 28. Bd4 Rd8 29. Rd1 h6 30. Bb6 Re8 31. Rd5 Qe6 32. Qd1 Qe7 33. a4 Qe6
34. a5 Qe4 35. Rc1 Qb4 36. Qd2 Qb3 37. Rd7 Ne5 38. Rd8 1-0

[Event "SV Günnigfeld 1 - SK Sodingen/Castrop 3"]
[Site "Verbandsklasse, Gruppe 2 2017"]
[Date "2017.09.17"]
[Round "1.8"]
[White "Jaennekes, Oliver"]
[Black "Schaefer, Michael"]
[Result "1-0"]
[WhiteElo "1822"]
[BlackElo "1673"]
[PlyCount "55"]
[EventDate "2017.??.??"]

1. Nf3 d5 2. b3 Nf6 3. Bb2 c6 4. e3 e6 5. d4 Bd6 6. Bd3 O-O 7. O-O Nbd7 8. Nbd2
Re8 9. Ne5 Qc7 10. f4 c5 11. Rf3 cxd4 12. exd4 Qb6 13. Kh1 h5 14. Rh3 Nxe5 15.
fxe5 Ng4 16. Rf3 Bf8 17. Qf1 Nh6 18. c4 Be7 19. Rd1 Rf8 20. Bb1 Bd7 21. Qd3 g6
22. Qe3 Kg7 23. h3 Rac8 24. Bc1 Qd8 25. Nf1 dxc4 26. Qxh6+ Kg8 27. bxc4 Rxc4
28. Bxg6 1-0

[Event "SV Horst-Emscher 2 - SF Kirchhellen 1"]
[Site "Verbandsklasse, Gruppe 2 2017"]
[Date "2017.09.17"]
[Round "1.1"]
[White "Sinnwell, Horst"]
[Black "Patzer, Joerg"]
[Result "1/2-1/2"]
[WhiteElo "2076"]
[BlackElo "1887"]
[Annotator "Daniel"]
[PlyCount "52"]
[EventDate "2017.??.??"]

1. Nf3 f5 2. c4 Nf6 3. Nc3 e6 4. d4 Bb4 5. Qb3 Qe7 6. c5 Nc6 7. e3 b6 8. cxb6
axb6 9. Bd2 Bxc3 10. Bxc3 O-O 11. Bd3 Ba6 12. Bxa6 Rxa6 13. O-O Nd5 14. Rfc1
Raa8 $11 15. a3 g5 16. Be1 Qg7 17. Rc4 g4 18. Nh4 Na5 19. Bxa5 Rxa5 20. Ra4
Rxa4 21. Qxa4 c6 22. Re1 Qg5 23. g3 Nf6 24. Qb4 b5 25. Qd6 Qg7 26. Re2 Ne4
1/2-1/2

[Event "SV Horst-Emscher 2 - SF Kirchhellen 1"]
[Site "Verbandsklasse, Gruppe 2 2017"]
[Date "2017.09.17"]
[Round "1.2"]
[White "Rebentisch, Tom"]
[Black "Schlueter, Christoph"]
[Result "1-0"]
[WhiteElo "1900"]
[BlackElo "1953"]
[Annotator "Daniel"]
[PlyCount "95"]
[EventDate "2017.??.??"]

1. d4 Nf6 2. c4 g6 3. Nc3 d5 4. Bf4 Bg7 5. e3 O-O 6. Nf3 c5 7. Be2 dxc4 8. Bxc4
Nc6 9. d5 Na5 10. Be2 Bf5 11. O-O Ne4 12. Nb5 Nd6 13. Bxd6 exd6 14. Nc3 a6 15.
Bd3 Bd7 16. Rc1 b5 17. b3 Rc8 18. Ne4 Qb6 19. Ned2 Rfe8 20. e4 Bh6 21. h3 Rc7
22. Rc2 Qb8 23. Re1 Bg7 24. Qc1 Qc8 25. Qa3 Nb7 26. Qxa6 c4 27. bxc4 Nc5 28.
Qxc8 Rexc8 29. Bf1 Na4 30. Rec1 b4 31. Nb3 Nc3 32. Bd3 Ra7 $11 33. Nbd4 Nxa2
34. Ra1 Rca8 35. Rb2 Ra3 36. Bc2 Nc3 37. Re1 Rb8 38. e5 Ra5 39. exd6 Nxd5 40.
cxd5 Rxd5 41. Rd1 Rxd6 42. Rbb1 h6 43. Nb3 Rxd1+ 44. Rxd1 Be6 45. Nfd4 Bd5 46.
Na5 Bxd4 47. Rxd4 b3 48. Bd3 1-0

[Event "SV Horst-Emscher 2 - SF Kirchhellen 1"]
[Site "Verbandsklasse, Gruppe 2 2017"]
[Date "2017.09.17"]
[Round "1.3"]
[White "Belitz, Marco"]
[Black "Tobczewski, Peter"]
[Result "0-1"]
[WhiteElo "1835"]
[BlackElo "1833"]
[PlyCount "94"]
[EventDate "2017.??.??"]

1. e4 c5 2. d4 cxd4 3. Nf3 Nc6 4. Nxd4 Nf6 5. Nc3 e6 6. Bg5 Be7 7. f4 h6 8.
Bxf6 Bxf6 9. e5 Bxe5 10. Nde2 Bf6 11. Qd2 d5 12. O-O-O Qa5 13. Kb1 Bd7 14. g3
Rc8 15. Bg2 O-O 16. Rhe1 b5 17. Nc1 Bxc3 18. bxc3 Ne7 19. Re3 Nf5 20. Nb3 Qa3
21. Rd3 Nd6 22. Qc1 Qxc1+ 23. Kxc1 Nb7 24. g4 Rc7 25. g5 hxg5 26. fxg5 Rfc8 27.
Kb2 b4 28. Nd4 Rxc3 29. Rxc3 Rxc3 30. g6 fxg6 31. Ne2 Re3 32. Nf4 Nc5 33. Nxg6
Na4+ 34. Kc1 Kf7 35. Nf4 g5 36. Nd3 Nc3 37. Rf1+ Ke7 38. Nxb4 a5 39. Nd3 Bb5
40. Rf2 Nxa2+ 41. Kd2 d4 42. Nc5 a4 43. Ne4 g4 44. Ng3 a3 45. Bf1 Nc3 46. Bxb5
a2 47. Rf1 Nb1+ 0-1

[Event "SV Horst-Emscher 2 - SF Kirchhellen 1"]
[Site "Verbandsklasse, Gruppe 2 2017"]
[Date "2017.09.17"]
[Round "1.4"]
[White "Eckardt, Samuel"]
[Black "Gajda, Peter"]
[Result "0-1"]
[WhiteElo "1807"]
[BlackElo "1812"]
[PlyCount "68"]
[EventDate "2017.??.??"]

1. d4 g6 2. c4 Bg7 3. Nc3 c5 4. d5 d6 5. e4 Nf6 6. Be3 O-O 7. f3 e6 8. Qd2 exd5
9. cxd5 a6 10. a4 Nbd7 11. Nh3 Ne5 12. Nf2 Bd7 13. h3 b5 14. axb5 axb5 15. Rxa8
Qxa8 16. Bxb5 Bxb5 17. Nxb5 Nc4 18. Qc1 Nxd5 19. exd5 Nxe3 20. Qxe3 Re8 21. Ne4
Qa1+ 22. Kf2 Qxh1 23. Nf6+ Bxf6 24. Qxe8+ Kg7 25. Nxd6 Bh4+ 26. g3 Qh2+ 27. Ke3
Bg5+ 28. f4 Qxg3+ 29. Ke2 Qxf4 30. Ne4 Qe3+ 31. Kf1 Qd3+ 32. Kf2 Bh4+ 33. Kg2
Qxd5 34. Kf3 f5 0-1

[Event "SV Horst-Emscher 2 - SF Kirchhellen 1"]
[Site "Verbandsklasse, Gruppe 2 2017"]
[Date "2017.09.17"]
[Round "1.5"]
[White "Langer, Raimund"]
[Black "Rebentisch, Sebastian"]
[Result "1/2-1/2"]
[WhiteElo "1764"]
[BlackElo "1735"]
[PlyCount "65"]
[EventDate "2017.??.??"]

1. e4 c5 2. Nf3 Nc6 3. d4 cxd4 4. Nxd4 e6 5. Nc3 Nf6 6. Bf4 a6 7. e5 Ng8 8. Be2
Nge7 9. O-O Qb6 10. Nb3 Ng6 11. Be3 Qc7 12. f4 d6 13. exd6 Bxd6 14. Ne4 Be7 15.
c3 b5 16. Bd3 O-O 17. Qh5 Rd8 18. Rad1 Bb7 19. Nbc5 Na5 20. Nxb7 Qxb7 21. Bc2
Nc4 22. Bc1 Rxd1 23. Rxd1 f5 24. Ng5 Bxg5 25. Qxg5 Qb6+ 26. Kh1 Qf2 27. Bb3 Qe2
28. Qg3 Qe4 29. Qd3 Qxd3 30. Rxd3 Rc8 31. Bxc4 Rxc4 32. g3 Re4 33. Re3 1/2-1/2

[Event "SV Horst-Emscher 2 - SF Kirchhellen 1"]
[Site "Verbandsklasse, Gruppe 2 2017"]
[Date "2017.09.17"]
[Round "1.6"]
[White "Kotter, Michael"]
[Black "Kueper, Peter"]
[Result "1-0"]
[WhiteElo "1852"]
[BlackElo "1865"]
[PlyCount "121"]
[EventDate "2017.??.??"]

1. Nc3 e5 2. Nf3 Nc6 3. d4 exd4 4. Nxd4 Bc5 5. Nxc6 Qf6 6. Ne4 Qxc6 7. Nxc5
Qxc5 8. c3 Nf6 9. Qd4 Qxd4 10. cxd4 d5 11. Bf4 c6 12. Be5 Ke7 13. e3 Ne8 14.
Bd3 f6 15. Bg3 Nd6 16. f3 Nc4 17. O-O-O Kf7 18. Rhe1 Be6 19. b3 Nb6 20. Kb2
Rad8 21. Rd2 Nc8 22. Bf2 Nd6 23. Bc2 Bf5 24. Bd1 Rhe8 25. h4 h5 26. Kc3 Re6 27.
Rde2 Rde8 28. Kd2 a6 29. Rg1 g6 30. Ree1 Kg7 31. Rh1 R6e7 32. Bg3 Nf7 33. Bf4
g5 34. hxg5 fxg5 35. Bg3 Kg6 36. Bf2 Rh8 37. Rh2 Ree8 38. Reh1 Rh6 39. Be2 Reh8
40. Rc1 Rc8 41. Bd3 Bxd3 42. Kxd3 Kf5 43. Rf1 Rch8 44. Be1 Ke6 45. Bd2 R6h7 46.
e4 g4 47. e5 Rg8 48. fxg4 Rxg4 49. Rf6+ Ke7 50. Bb4+ Ke8 51. Re6+ Kd8 52. Re7
Rg3+ 53. Ke2 Kc8 54. e6 Ng5 55. Rxh7 Nxh7 56. Rxh5 Rxg2+ 57. Kf3 Rg7 58. Kf4
Kd8 59. Bd6 Nf6 60. Rh8+ Ne8 61. Be5 1-0

[Event "SV Horst-Emscher 2 - SF Kirchhellen 1"]
[Site "Verbandsklasse, Gruppe 2 2017"]
[Date "2017.09.17"]
[Round "1.7"]
[White "Weber, Johann"]
[Black "Doenges, Dirk"]
[Result "0-1"]
[WhiteElo "1603"]
[BlackElo "1712"]
[PlyCount "56"]
[EventDate "2017.??.??"]

1. e4 c5 2. Nf3 Nc6 3. c3 e6 4. Be2 d5 5. exd5 exd5 6. O-O Nf6 7. d4 cxd4 8.
Nxd4 h6 9. Be3 Bd6 10. Nd2 a6 11. Qc2 Bd7 12. Nf5 Bxf5 13. Qxf5 Ne7 14. Qc2 Rc8
15. Nf3 Bb8 16. Nd4 Qd7 17. Rae1 O-O 18. Bd3 Qg4 19. h3 Qd7 20. Nf5 Ng6 21. Qd2
Qc7 22. g3 Ne4 23. Bxe4 dxe4 24. Bd4 Ne5 25. Bxe5 Qxe5 26. Ne3 Rcd8 27. Qc2 Ba7
28. Ng4 Qxg3+ 0-1

[Event "SV Horst-Emscher 2 - SF Kirchhellen 1"]
[Site "Verbandsklasse, Gruppe 2 2017"]
[Date "2017.09.17"]
[Round "1.8"]
[White "Karabueguel, Okan"]
[Black "Waegemann, Hartmut"]
[Result "0-1"]
[WhiteElo "1740"]
[BlackElo "1593"]
[PlyCount "68"]
[EventDate "2017.??.??"]

1. e4 e5 2. Nf3 Nc6 3. Bc4 Nd4 4. c3 Nxf3+ 5. Qxf3 Qf6 6. Qg3 d6 7. d3 h6 8.
O-O Be6 9. Na3 a6 10. f4 Bxc4 11. Nxc4 b5 12. Ne3 Ne7 13. f5 Nc6 14. Nd5 Qd8
15. f6 g6 16. Be3 Rb8 17. b4 Rb7 18. a4 Nb8 19. axb5 axb5 20. Ra7 Rxa7 21. Bxa7
Nd7 22. Qf2 h5 23. Be3 Bh6 24. Bxh6 Rxh6 25. Ra1 Kf8 26. Ra8 Qxa8 27. Qe3 Rh7
28. Qg5 Qa1+ 29. Kf2 Qd1 30. Ne7 Qc2+ 31. Kg1 Qxc3 32. Kf2 Qxd3 33. Qh4 Qd2+
34. Kf3 Qf4+ 0-1

[Event "SF Brackel 2 - Matt Inn Dortmund 1"]
[Site "Verbandsklasse, Gruppe 2 2017"]
[Date "2017.09.17"]
[Round "1.1"]
[White "Schulenburg, Pit"]
[Black "Bree, Thomas"]
[Result "0-1"]
[WhiteElo "2080"]
[BlackElo "2010"]
[PlyCount "78"]
[EventDate "2017.??.??"]

1. g3 d5 2. Bg2 e5 3. d3 Nf6 4. Nf3 Bd6 5. c4 c6 6. Nfd2 O-O 7. O-O d4 8. Na3
Be6 9. Nc2 Qd7 10. Rb1 Bh3 11. b4 Bxg2 12. Kxg2 b6 13. e3 c5 14. exd4 exd4 15.
Qf3 $4 {
Die Vorentscheidung! Weiss vergibt mehrere Tempi mit einem einzigen Zug ...}
15... Nc6 16. bxc5 bxc5 17. Ne4 Nxe4 18. Qxe4 Rae8 19. Qf3 Ne5 20. Qd5 Nxd3 21.
Rb7 Qc8 22. Rxa7 Bb8 23. Ra3 Rd8 24. Qe4 Ne5 25. Ra4 f5 26. Qa8 d3 27. Bg5 dxc2
28. Bxd8 Rxd8 29. Ra3 Nd3 30. Rc3 c1=Q 31. Rcxc1 Nxc1 32. Rxc1 Be5 33. Qf3 Qa8
34. Re1 Qxf3+ 35. Kxf3 Bd4 36. Re2 Kf7 37. a4 Bc3 38. Re3 Bb4 39. a5 g6 0-1

[Event "SF Brackel 2 - Matt Inn Dortmund 1"]
[Site "Verbandsklasse, Gruppe 2 2017"]
[Date "2017.09.17"]
[Round "1.2"]
[White "Borchert, Louis"]
[Black "König, Christian"]
[Result "1/2-1/2"]
[WhiteElo "1960"]
[BlackElo "1973"]
[PlyCount "68"]
[EventDate "2017.??.??"]

1. e4 d6 2. d4 Nf6 3. Nc3 c6 4. f3 Nbd7 5. Be3 e5 6. Nge2 b5 7. a3 a6 8. g4 h6
9. Ng3 Qc7 10. Be2 exd4 11. Qxd4 Ne5 12. Rd1 Be6 13. Bc1 O-O-O 14. h3 Bc4 15.
f4 Bxe2 16. Kxe2 Nc4 {(=)} 17. b3 Nb6 18. Nf5 c5 19. Qf2 b4 20. Nd5 Nbxd5 21.
exd5 Ne4 22. Qf3 Nc3+ 23. Kf2 Nxd1+ 24. Rxd1 g6 25. Bb2 Rg8 26. Ne3 bxa3 27.
Bxa3 Bg7 28. Nc4 Rge8 29. Rd2 Qe7 30. Re2 Bd4+ 31. Kf1 Qf6 32. Bc1 Kc7 33. Bd2
Qh8 34. Ba5+ Kb8 {(=)} 1/2-1/2

[Event "SF Brackel 2 - Matt Inn Dortmund 1"]
[Site "Verbandsklasse, Gruppe 2 2017"]
[Date "2017.09.17"]
[Round "1.3"]
[White "Böhmfeldt, Bruno"]
[Black "Althoff, Ralph"]
[Result "1-0"]
[WhiteElo "2259"]
[BlackElo "1967"]
[PlyCount "75"]
[EventDate "2017.??.??"]

1. d3 d5 2. Nd2 e5 3. e4 Nf6 4. g3 Bc5 5. Bg2 O-O 6. h3 Nc6 7. Ngf3 Be6 8. O-O
Qd7 9. Ng5 a5 10. c3 Ra6 11. Qe2 a4 12. Re1 d4 13. c4 Nd8 14. f4 Qd6 15. Ndf3
Nd7 16. fxe5 Nxe5 17. Nxe5 Qxe5 18. Bf4 Qf6 19. e5 Qg6 20. Kh2 Bf5 21. Rad1 h6
22. Ne4 Ne6 23. Bc1 Bb4 24. Rf1 Ra5 25. g4 Bxe4 26. Bxe4 Rxe5 27. Qc2 Bd6 28.
Kh1 f5 29. gxf5 Qh5 30. fxe6 Qxh3+ 31. Kg1 Rxf1+ 32. Rxf1 Rh5 33. Qg2 Qh4 34.
Rf2 Bg3 35. Rf3 Bd6 36. Bd2 Bb4 37. e7 ({Einfacher war} 37. Bxb4 $1 {
, wie mehrere Umstehende sofort tuschelten, da das geplante} 37... Rg5 {an} 38.
Rf8# {scheitert.}) 37... Qxe7 38. Qg6 1-0

[Event "SF Brackel 2 - Matt Inn Dortmund 1"]
[Site "Verbandsklasse, Gruppe 2 2017"]
[Date "2017.09.17"]
[Round "1.4"]
[White "Schwiddessen, Jan"]
[Black "Kromat, Stefan"]
[Result "1-0"]
[WhiteElo "1901"]
[BlackElo "1749"]
[PlyCount "51"]
[EventDate "2017.??.??"]

1. Nf3 d6 2. d4 Nf6 3. c4 Nbd7 4. Nc3 e5 5. e4 Be7 6. Be2 O-O 7. O-O c6 8. h3
Qc7 9. Be3 Re8 10. dxe5 dxe5 11. Qc2 b6 12. Ne1 Bb7 {(=)} 13. Nd3 Bf8 14. Bg5
a5 15. Rac1 Rac8 16. Bf3 Be7 17. Qb3 Rb8 18. Be3 Ba8 19. Ne2 Rbc8 20. Ng3 Bd8
21. Rfd1 Qb8 22. Nf5 Bc7 23. Rd2 b5 24. c5 g6 25. Nh6+ Kh8 26. Nxf7+ 1-0

[Event "SF Brackel 2 - Matt Inn Dortmund 1"]
[Site "Verbandsklasse, Gruppe 2 2017"]
[Date "2017.09.17"]
[Round "1.5"]
[White "Fork, Raphael"]
[Black "Bense, Dirk"]
[Result "0-1"]
[WhiteElo "1823"]
[BlackElo "1914"]
[PlyCount "56"]
[EventDate "2017.??.??"]

1. d4 Nf6 2. Bf4 d6 3. Nf3 Nbd7 4. Nc3 c5 5. d5 g6 6. e4 Bg7 7. Qd2 a6 8. a4
O-O 9. Bh6 Re8 10. Bxg7 Kxg7 11. Bc4 e6 12. dxe6 Nb6 13. exf7 Re7 14. Be2 Bg4
15. a5 Nc8 16. e5 Nh5 17. O-O Bxf3 18. Bxf3 Rxe5 19. Bxb7 Ra7 20. Bxc8 Qxc8 21.
Qxd6 Rae7 22. f8=B+ Qxf8 23. Qxa6 Nf4 24. g3 Qf5 25. h4 Qh3 26. gxf4 Qg4+ 27.
Kh1 Qxh4+ 28. Kg2 Qg4+ 0-1

[Event "SF Brackel 2 - Matt Inn Dortmund 1"]
[Site "Verbandsklasse, Gruppe 2 2017"]
[Date "2017.09.17"]
[Round "1.7"]
[White "Strauß, Erich"]
[Black "Strathoff, Dirk"]
[Result "1-0"]
[WhiteElo "1733"]
[BlackElo "1905"]
[PlyCount "77"]
[EventDate "2017.??.??"]

1. e4 c5 2. Nc3 Nc6 3. g3 Nf6 4. Bg2 e6 5. d3 b6 6. Nge2 Bb7 7. O-O d5 8. exd5
exd5 9. Re1 Be7 10. d4 Nxd4 11. Nxd4 cxd4 12. Ne2 O-O 13. Nxd4 Re8 14. Bf4 Bc5
15. Be3 Qd7 16. c3 Re7 17. b4 Bd6 18. a4 Rae8 19. a5 Ng4 20. axb6 Nxe3 21. Rxe3
Rxe3 22. fxe3 axb6 23. Qf3 Bb8 24. Rf1 f6 25. Qf2 Ba6 26. Ra1 Bd3 27. Qd2 Be4
28. Bf1 h5 29. Bb5 Qf7 30. Bxe8 Qxe8 31. Ra8 h4 32. Qf2 Kf7 33. b5 Qc8 34. Qf4
Qh3 35. Qf1 Qc8 36. Nc6 hxg3 37. Rxb8 gxh2+ 38. Kxh2 Qc7+ 39. Qf4 1-0

[Event "SF Brackel 2 - Matt Inn Dortmund 1"]
[Site "Verbandsklasse, Gruppe 2 2017"]
[Date "2017.09.17"]
[Round "1.8"]
[White "Büchle, Manfred"]
[Black "Jelisavac, Nenad"]
[Result "1/2-1/2"]
[WhiteElo "1796"]
[BlackElo "1408"]
[PlyCount "52"]
[EventDate "2017.??.??"]

1. e4 c5 2. Nf3 Nc6 3. d4 cxd4 4. Nxd4 Nf6 5. Nc3 a6 6. Be3 e6 7. a3 g6 8. Be2
Bg7 9. O-O O-O 10. f4 b5 11. Bf3 Bb7 12. Qd2 Qc7 13. e5 Ne8 14. Nxc6 Bxc6 15.
Bc5 d6 16. exd6 Qd7 17. Rad1 Bxf3 18. Rxf3 Nf6 19. b4 Rfd8 20. h3 Qc6 21. Rd3
Rd7 22. Qe3 Rb8 23. g4 Bf8 24. g5 Ne8 25. Ne4 Bg7 26. Kf2 Rbb7 1/2-1/2

[Event "Rochade Steele/Kray 1 - SK Germania Kup"]
[Site "Verbandsklasse, Gruppe 2 2017"]
[Date "2017.09.17"]
[Round "1.1"]
[White "Unteregge, Michael"]
[Black "Happe, Ulrich"]
[Result "1/2-1/2"]
[WhiteElo "2019"]
[BlackElo "2105"]
[PlyCount "39"]
[EventDate "2017.??.??"]

1. Nf3 d5 2. d4 Nf6 3. c4 e6 4. g3 c6 5. Qc2 Nbd7 6. Bg2 Bd6 7. Nbd2 O-O 8. O-O
Re8 9. b3 e5 10. cxd5 cxd5 11. dxe5 Nxe5 12. Bb2 Nc6 13. Rfe1 Bg4 14. Rac1 Rc8
15. Qb1 Bb4 16. Qd3 Ne4 17. a3 Ba5 18. b4 Bb6 19. e3 Qe7 20. Nb3 1/2-1/2

[Event "Rochade Steele/Kray 1 - SK Germania Kup"]
[Site "Verbandsklasse, Gruppe 2 2017"]
[Date "2017.09.17"]
[Round "1.2"]
[White "Greger, Helmut"]
[Black "Krimphoff, Ingo"]
[Result "1/2-1/2"]
[WhiteElo "1950"]
[BlackElo "1936"]
[PlyCount "92"]
[EventDate "2017.??.??"]

1. c4 c6 2. d4 d5 3. cxd5 cxd5 4. Nc3 Nf6 5. Bf4 Nc6 6. e3 a6 7. Bd3 e6 8. Rc1
Be7 9. h3 Bd7 10. Nf3 Rc8 11. O-O O-O 12. Bb1 Na5 13. Ne5 Nc4 14. Nxd7 Qxd7 15.
Qe2 b5 16. b3 Nd6 17. f3 Rc6 18. Qd2 Rfc8 19. Ne2 h6 20. Rxc6 Rxc6 21. Rc1 Nc8
22. Rxc6 Qxc6 23. Qc1 Na7 24. Qxc6 Nxc6 25. Nc1 Kf8 26. Nd3 Nd7 27. Kf2 f5 28.
Ke2 Kf7 29. Bg3 g5 30. f4 Kg6 31. Be1 Bd6 32. g3 Kf6 33. Bc3 Kg6 34. Kf3 b4 35.
Bd2 Nf6 36. Ne5+ Bxe5 37. fxe5 Ne4 38. Bxe4 dxe4+ 39. Ke2 a5 40. Bc1 Ne7 41. a3
Nd5 42. axb4 axb4 43. Bd2 h5 44. Be1 Kf7 45. Bd2 Ke7 46. Be1 g4 1/2-1/2

[Event "Rochade Steele/Kray 1 - SK Germania Kup"]
[Site "Verbandsklasse, Gruppe 2 2017"]
[Date "2017.09.17"]
[Round "1.3"]
[White "Zagrabski, Kevin"]
[Black "Kirsch, Paul"]
[Result "1/2-1/2"]
[WhiteElo "1883"]
[BlackElo "1930"]
[Annotator "Daniel"]
[PlyCount "91"]
[EventDate "2017.??.??"]

1. d4 d5 2. Nf3 Nf6 3. Bf4 Bf5 4. e3 e6 5. Bd3 Ne4 6. c3 Be7 7. Qe2 Nd7 8. Nbd2
Nxd2 9. Qxd2 Be4 10. Qc2 Bxd3 11. Qxd3 O-O 12. h4 Nf6 13. Be5 Ne4 14. g4 f6 15.
Bf4 Bd6 16. Bxd6 cxd6 17. Nd2 Nxd2 18. Kxd2 f5 19. f4 fxg4 20. h5 Qf6 21. Rag1
Qf5 22. Qe2 e5 23. dxe5 dxe5 24. Rxg4 exf4 25. Rxf4 Qe5 26. Rg4 Rf7 27. Rhg1 h6
28. Rg6 Kh8 29. R1g2 Raf8 30. R6g3 $11 Qe4 31. Rg4 Qb1 32. Rf4 Qxb2+ 33. Kd3
Qb1+ 34. Kd4 Rxf4+ 35. exf4 Rxf4+ 36. Kxd5 Qf5+ 37. Kd6 Re4 38. Qf2 Qe5+ 39.
Kd7 Qe8+ 40. Kc7 Re7+ 41. Kd6 Qd7+ 42. Kc5 Qc6+ 43. Kb4 Re4+ 44. Kb3 Qe6+ 45.
Kb2 Kh7 46. Qxa7 1/2-1/2

[Event "Rochade Steele/Kray 1 - SK Germania Kup"]
[Site "Verbandsklasse, Gruppe 2 2017"]
[Date "2017.09.17"]
[Round "1.4"]
[White "Ophoven, Hermann"]
[Black "Wuthcke, Dieter"]
[Result "0-1"]
[WhiteElo "1734"]
[BlackElo "1831"]
[Annotator "Daniel"]
[PlyCount "52"]
[EventDate "2017.??.??"]

1. c4 c5 2. Nf3 g6 3. g3 Bg7 4. Bg2 Nc6 5. Nc3 d6 6. O-O Nf6 7. Rb1 O-O 8. h3
Bd7 9. a3 a6 10. e3 Rb8 11. b3 b5 12. cxb5 axb5 13. Ne2 Qc8 14. Kh2 Bf5 15. d3
Rd8 16. e4 Bd7 17. Bb2 Qc7 18. Qc2 e5 19. Bc1 $11 h6 20. Bd2 Qa7 21. Ra1 Rbc8
22. Qb2 Be6 23. Rfc1 d5 24. Ne1 c4 25. Be3 d4 26. Bd2 c3 0-1

[Event "Rochade Steele/Kray 1 - SK Germania Kup"]
[Site "Verbandsklasse, Gruppe 2 2017"]
[Date "2017.09.17"]
[Round "1.5"]
[White "Degner, Friedhelm"]
[Black "Schmitz, Juergen"]
[Result "1/2-1/2"]
[WhiteElo "1776"]
[BlackElo "1861"]
[PlyCount "37"]
[EventDate "2017.??.??"]

1. e4 Nf6 2. Nc3 d5 3. e5 d4 4. exf6 dxc3 5. fxg7 cxd2+ 6. Qxd2 Qxd2+ 7. Bxd2
Bxg7 8. O-O-O Be6 9. Ne2 Rg8 10. Bc3 c6 11. Bxg7 Rxg7 12. Nf4 Bf5 13. Bd3 Bxd3
14. Rxd3 Nd7 15. Rhd1 Nc5 16. Re3 Rd8 17. g3 Rxd1+ 18. Kxd1 Kd7 19. b4 1/2-1/2

[Event "Rochade Steele/Kray 1 - SK Germania Kup"]
[Site "Verbandsklasse, Gruppe 2 2017"]
[Date "2017.09.17"]
[Round "1.6"]
[White "Borger, Alexander"]
[Black "Eusgeld, Michael"]
[Result "1/2-1/2"]
[WhiteElo "1886"]
[BlackElo "1811"]
[PlyCount "44"]
[EventDate "2017.??.??"]

1. d4 d5 2. Nf3 Nf6 3. c4 c6 4. e3 Bf5 5. Nc3 e6 6. Be2 Nbd7 7. Nh4 Be4 8. Nxe4
Nxe4 9. Nf3 Bb4+ 10. Kf1 O-O 11. g3 Ng5 12. Kg2 Nxf3 13. Bxf3 dxc4 14. Qa4 Qa5
15. Qc2 Qa6 16. Rd1 Rac8 17. e4 Nf6 18. Bg5 Be7 19. a4 h6 20. Be3 c5 21. d5
exd5 22. exd5 Rfd8 1/2-1/2

[Event "Rochade Steele/Kray 1 - SK Germania Kup"]
[Site "Verbandsklasse, Gruppe 2 2017"]
[Date "2017.09.17"]
[Round "1.7"]
[White "Kaesemann, Holger"]
[Black "Schroeder, Marcel"]
[Result "1/2-1/2"]
[WhiteElo "1636"]
[BlackElo "1522"]
[PlyCount "63"]
[EventDate "2017.??.??"]

1. Nf3 Nf6 2. c4 c5 3. Nc3 Nc6 4. g3 g6 5. Bg2 Bg7 6. O-O O-O 7. e3 e5 8. b3
Re8 9. Bb2 e4 10. Ne1 d5 11. cxd5 Nxd5 12. a3 Nxc3 13. Bxc3 Bxc3 14. dxc3 Qxd1
15. Rxd1 Bf5 16. Nc2 Rad8 17. Rc1 Rd2 18. b4 Ne5 19. h3 Nd3 20. g4 Nxc1 21.
Rxc1 Bd7 22. bxc5 Rd5 23. Rb1 Bc6 24. Rb4 Rxc5 25. Nd4 Rxc3 26. Nxc6 bxc6 27.
Bxe4 c5 28. Ra4 c4 29. Bd5 Re7 30. Bxc4 Kg7 31. Bd5 Rd7 32. Ra5 1/2-1/2

[Event "Rochade Steele/Kray 1 - SK Germania Kup"]
[Site "Verbandsklasse, Gruppe 2 2017"]
[Date "2017.09.17"]
[Round "1.8"]
[White "Maerz, Klaus"]
[Black "Temming, Markus"]
[Result "1/2-1/2"]
[WhiteElo "1719"]
[BlackElo "1630"]
[PlyCount "22"]
[EventDate "2017.??.??"]

1. e4 e6 2. d4 d5 3. exd5 exd5 4. Bd3 Bd6 5. Ne2 Nf6 6. Bg5 O-O 7. Nbc3 c6 8.
Qd2 Bg4 9. f3 Bh5 10. O-O-O Nbd7 11. Nf4 Bg6 1/2-1/2